Statistics for EASY Harry Potter Quiz

Click here to take the quiz!

General Stats

  • This quiz has been taken 146 times
  • The average score is 10 of 11

Answer Stats

QuestionAnswer% Correct
What is Harry's last name?Potter
100%
Which school does he go to?Hogwarts
99%
Which pet does Harry have?Owl
97%
What is the headmaster called?Albus Dumbledore
96%
What color is the pet?White
96%
How many fingers does Harry have?10
94%
How many hands does Hermione have?2
94%
Who is the potion's teacher?Severus Snape
94%
How many glasses does Ron have?0
93%
What is used to cast spells?Wand
91%
Who are his two best friends?Ron and Hermione
90%

Score Distribution

Percentile by Number Answered

Percent of People with Each Score

Your Score History

You have not taken this quiz